日本選手権陸上男子100m歴代優勝者 - Statistics

General Stats
  • This quiz has been taken 28 times
  • The average score is 14 of 107
Answer Stats
記録 Answer % Correct
98 10"22 桐生祥秀
100%
104 10"27 桐生祥秀
100%
97 10"11 山縣亮太
74%
102 10"05 山縣亮太
74%
100 10"16 ケンブリッジ飛鳥
65%
80 10"14 朝原宣治
61%
81 10"26 朝原宣治
61%
84 10"35 朝原宣治
61%
85 10"45 朝原宣治
61%
86 10"05 朝原宣治
61%
101 10"05 サニブラウンアブデルハキーム
61%
103 10"02 サニブラウンアブデルハキーム
61%
106 10"08 サニブラウンアブデルハキーム
61%
87 10"13 末續慎吾
57%
88 10"10 末續慎吾
57%
105 10"15 多田修平
57%
107 10"11 坂井隆一郎
43%
108 10"13 坂井隆一郎
43%
82 10"08 伊東浩司
35%
93 10"14 江里口匡史
22%
94 10"26 江里口匡史
22%
95 10"38 江里口匡史
22%
96 10"29 江里口匡史
22%
99 10"28 高瀬慧
22%
18 10"7 吉岡隆徳
13%
19 10"7 吉岡隆徳
13%
22 10"5 吉岡隆徳
13%
25 10"4w 吉岡隆徳
13%
26 10"9 吉岡隆徳
13%
27 10"8 吉岡隆徳
13%
90 10"37 塚原直貴
9%
91 10"34 塚原直貴
9%
92 10"31 塚原直貴
9%
77 10"57 井上悟
4%
78 10"47 井上悟
4%
83 10"09w 土江寛裕
4%
1 12"4 明石和衛
0%
2 12"1 明石和衛
0%
3 11"5 斎藤友三
0%
4 10"6 東口真平
0%
5 12"0 真殿三三五
0%
6 11"4 松田恒政
0%
7 12"0 伊達宗敏
0%
8 11"8 平岡国雄
0%
9 11"2 高木正征
0%
10 11"4 谷三三五
0%
11 11"4 谷三三五
0%
12 11"2 谷三三五
0%
13 11"2 田島貞夫
0%
14 11"1 竹内兵蔵
0%
15 11"0 相沢巖夫
0%
16 11"2 矢野栄
0%
17 10"9 南部忠平
0%
20 10"8 南部忠平
0%
21 10"7 谷口睦生
0%
23 10"9 金裕沢
0%
24 10"6 矢沢正雄
0%
29 10"8 長田年弘
0%
30 11"1 仁田脇功
0%
31 11"0 生駒一太
0%
32 10"6 仁田脇功
0%
33 11"0 生駒一太
0%
34 11"0 細田富男
0%
35 11"0 大橋敏宏
0%
37 10"8 中島健
0%
38 10"4w 清藤享
0%
39 10"9 清藤享
0%
40 10"8 潮喬平
0%
41 10"9 潮喬平
0%
42 10"9 潮喬平
0%
43 11"0 田村武雄
0%
44 11"1 室洋二郎
0%
45 11"0 田村武雄
0%
48 10"6 蒲田勝
0%
49 10"7 阿部直紀
0%
50 10"6 誉田徹
0%
51 10"6 石川準司
0%
52 10"7 神野正英
0%
53 10"7 神野正英
0%
54 10"9 神野正英
0%
55 10"7 神野正英
0%
56 10"7 石沢隆夫
0%
57 10"3w 神野正英
0%
58 10"5 神野正英
0%
59 10"63 神野正英
0%
60 10"55 田崎博道
0%
61 10"80 豊田敏夫
0%
62 10"63 原田彰
0%
63 10"52 豊田敏夫
0%
64 10"94 原田康弘
0%
65 10"72 清水禎宏
0%
66 10"70 清水禎宏
0%
67 10"93 宮崎博史
0%
68 10"28 松原薫
0%
69 10"55 宮崎博史
0%
70 10"62 宮崎博史
0%
71 10"57w 松原薫
0%
72 10"60 笠原隆弘
0%
73 10"28 青戸慎司
0%
74 10"49 R.ダシルバ
0%
75 10"18 S.ブルニー
0%
76 10"32 鈴木久嗣
0%
79 10"22 伊藤喜剛
0%
89 10"40 佐分慎弥
0%
47 10"3 E.フィゲロラ
0%
36 10"5 H.マッケンレー
0%
46 10"5 S.オットリーナ
0%
No matching quizzes found
Score Distribution
Percent of People with Each Score
Percentile by Number Answered
Your Score History
You have not taken this quiz